COOP Jednota - značka, ktorá vonia Slovenskom hovoríme s predsedom predstavenstva Coop Jednoty Slovensko adriánom Ďurčekom

Bibliographic Details
Main Authors: Javorská, Katarína (Author, Interviewer), Ďurček, Adrián (Author)
Format: Article
Language:Slovak
PhysicalDescription:Fotogr.
Subjects:

MARC

LEADER 00000nab a2200000 ar4500
001 vtls008621435
003 SK-MaSNL
005 20260303071924.0
008 060209c2006 xo sr|n|||||||000 b|slo
015 |a SNBRB2006/02  |2 snkbucl 
040 |a SNKBUCL  |b slo  |c SNKBUCL  |e AACR2 
041 0 |a slo 
044 |a xo  |c SK 
080 |a 339.372.84:339.187.6  |x (437.6)  |2 2001 
080 |a 339.187.6  |x (437.6)  |2 2001 
080 |a 334.73  |x (437.6)  |2 2001 
100 1 |a Javorská, Katarína  |4 ivr  |4 aut  |9 784223 
245 1 0 |a COOP Jednota - značka, ktorá vonia Slovenskom  |b hovoríme s predsedom predstavenstva Coop Jednoty Slovensko adriánom Ďurčekom  |c za rozhovor ďakuje Katarína Javorská 
300 |b Fotogr. 
610 2 7 |a COOP Jednota Slovensko, spotrebné družstvo  |2 snkbucl  |9 1071230 
650 0 7 |a slovenské spotrebné družstevníctvo  |2 snkbucl  |9 1071231 
700 1 |a Ďurček, Adrián  |4 ive  |4 aut  |9 842245 
773 0 |t Mosty  |g Roč. 15, č. 1 (2006), s. 6 
852 |a SNK  |b KIS3GCP 
958 |a SK 
999 |c 1761990  |d 1763920